[Event "ASKO Klubbmesterskap 2009 A"]
[Site "Oslo"]
[Date "2009.06.02"]
[Round "9"]
[White "Søreng, Eirik"]
[Black "Hjelle, Øyvind"]
[Result "1/2-1/2"]
[WhiteElo "1650"]
[BlackElo "1412"]
[PlyCount "70"]
[EventDate "2009.??.??"]

1. c4 c6 2. d4 d5 3. cxd5 cxd5 4. Nc3 Nf6 5. Nf3 e6 6. Bg5 Be7 7. e3 O-O 8. Bd3
h6 9. Bxf6 Bxf6 10. O-O Nc6 11. Rc1 Re8 12. Bb1 e5 13. dxe5 Nxe5 14. Nxe5 Bxe5
15. Qh5 Bxc3 16. Rxc3 Be6 17. Rd1 Qf6 18. h3 Rad8 19. Rd4 Rd6 20. Rf4 Qe7 21.
Qd1 Qg5 22. h4 Qe5 23. h5 d4 24. Rxd4 Rxd4 25. Qxd4 Qxh5 26. Rc1 Qg5 27. Qe4 g6
28. Rd1 Qb5 29. Qd4 Qe2 30. a3 Rc8 31. Be4 Kh7 32. Bf3 Qb5 33. b4 b6 34. Qb2
Qf5 35. Rc1 Rxc1+ 1/2-1/2

[Event "ASKO Klubbmesterskap 2009 B"]
[Site "Oslo"]
[Date "2009.06.02"]
[Round "9"]
[White "Valle, Stian"]
[Black "Lade, Arnstein"]
[Result "0-1"]
[WhiteElo "1163"]
[BlackElo "1534"]
[PlyCount "40"]
[EventDate "2009.??.??"]

1. e4 e6 2. d4 d5 3. e5 c5 4. Nf3 Nc6 5. Be2 cxd4 6. O-O Bc5 7. c3 dxc3 8. Nxc3
Nge7 9. Qc2 Ng6 10. Bg5 Be7 11. Bxe7 Qxe7 12. Rae1 O-O 13. Bd3 Nb4 14. Qd2 Nxd3
15. Qxd3 b6 16. Nd4 Qc5 17. Nb3 Qc4 18. Qb1 Ba6 19. Nd2 Qf4 20. Ne2 Qxd2 0-1